Library Banner

Khasais al tasawur ul Islami / (Record no. 93579)

MARC details
000 -LEADER
fixed length control field 00386nam a22001457a 4500
005 - DATE AND TIME OF LATEST TRANSACTION
control field 20170516111754.0
008 - FIXED-LENGTH DATA ELEMENTS--GENERAL INFORMATION
fixed length control field 170516b xxu||||| |||| 00| 0 eng d
040 ## - CATALOGING SOURCE
Transcribing agency PK-LaUMT
082 ## - DEWEY DECIMAL CLASSIFICATION NUMBER
Classification number ZIAC 297.01
Item number QUT-K
100 ## - MAIN ENTRY--PERSONAL NAME
Personal name Qutab , Sayyed
245 ## - TITLE STATEMENT
Title Khasais al tasawur ul Islami /
Statement of responsibility, etc Sayyed Qutab
260 ## - PUBLICATION, DISTRIBUTION, ETC. (IMPRINT)
Place of publication, distribution, etc بیروت:
Name of publisher, distributor, etc دارالشروق،
Date of publication, distribution, etc [ ]
300 ## - PHYSICAL DESCRIPTION
Extent 236 ص
942 ## - ADDED ENTRY ELEMENTS (KOHA)
Koha item type Books
Holdings
Withdrawn status Lost status Damaged status Home library Current library Date acquired Full call number Barcode Date last seen Price effective from Koha item type
      UMT Main Campus UMT Main Campus 2017-05-16 ZIAC 297.01 QUT-K 108813 2017-05-16 2017-05-16 Books